Le football français depuis 1950 - Statistiques

Statistiques générales
  • Ce quiz a été pris 46 fois
    45 depuis la dernière actualisation
  • Le résultat moyen est 44 sur 76
Statistiques - réponses
Année Question Réponse % Correct
2023 Quel gardien légendaire prend sa retraite internationale après avoir battu le record de 145 sélections et celui de 121 capitanats avec les Bleus ? Hugo Lloris
98%
2021 Quel club gagne le championnat de France de football pour la quatrième fois face au PSG ? LOSC Lille
98%
2018 Quel joueur français devient champion du monde à seulement 19 ans lors du Mondial 2018 en Russie ? Kylian Mbappé
95%
2017 Quel joueur brésilien pulvérise le record mondial du transfert le plus cher de l'histoire en rejoignant le PSG pour la somme de 222 millions d'euros ? Neymar
95%
2025 Quel attaquant français, revenu au PSG en 2023, réalise une saison stratosphérique avec 35 buts et un quadruplé historique (dont la C1) avant de remporter le Ballon d'Or ? Ousmane Dembélé
95%
2016 Quel pays élimine la France en finale de l'Euro 2016 organisé en France ? Portugal
95%
2024 Quel champion du monde 1998 a entraîné l'équipe de France Olympique jusqu'à la médaille d'argent lors des JO de Paris ? Thierry Henry
95%
2012 Qui devient sélectionneur de l'équipe de France, succédant à Laurent Blanc ? Didier Deschamps
93%
2011 Quel club réalise le doublé Coupe-Championnat, porté par le talent d'un jeune Eden Hazard et les buts de Moussa Sow ? LOSC Lille
93%
2004 Quel club français atteint la finale de la Ligue des Champions 2004 face au FC Porto ? AS Monaco FC
90%
2009 Contre quelle nation l'équipe de France se qualifie-t-elle pour le Mondial 2010 lors d'un barrage retour marqué par la main de Thierry Henry sur le but de William Gallas ? Irlande
90%
2001 Quel futur Ballon d'Or brésilien débarque au Paris Saint-Germain en provenance de Grêmio ? Ronaldinho
90%
2006 Lors de la Coupe du Monde en Allemagne, quel joueur français ouvre le score en finale face à l'Italie mais se fait expulsé ensuite après un coup de tête à Marco Materazzi ? Zinédine Zidane
90%
2002 Avec le Japon, dans quel pays se passait la Coupe du Monde où les Bleus sont éliminés dès le 1er tour face au Sénégal, à l'Uruguay et le Danemark ? Corée du sud
88%
2013 Quelle icône mondiale du football choisit le Paris Saint-Germain pour disputer les 6 derniers mois de sa carrière, reversant l'intégralité de son salaire à une association caritative ? David Beckham
88%
2000 La France remporte l'Euro 2000 contre l'Italie. Quel joueur inscrit le golden goal en prolongation ? David Trezeguet
88%
2003 Quel attaquant franco-ivoirien a marqué 17 buts avec Guingamp, avant de signer à l'OM à l'été pour 6 millions d'euros ? Didier Drogba
88%
1998 Qui marque le but décisif en demi-finale de la Coupe du monde 1998 contre la Croatie ? Lilian Thuram
88%
2015 Quel joueur du PSG remporte le titre de meilleur buteur de Ligue 1 lors de la saison 2014-15 ? Zlatan Ibrahimović
88%
2010 Quel attaquant est exclu de l'équipe de France lors du Mondial en Afrique du Sud après la révélation par L'Équipe de ses insultes envers Raymond Domenech, provoquant la célèbre grève du bus ? Nicolas Anelka
85%
1993 Malgré un genou blessé et un remplacement refusé par Bernard Tapie, quel défenseur devance Frank Rijkaard à la 43e minute pour offrir la Ligue des Champions à l'OM ? Basile Boli
83%
2005 Quel joueur ghanéen de l'OL est élu meilleur joueur de la Ligue 1 en 2004-05 ? Michael Essien
80%
2022 Avec Kingsley Coman, qui rate le penalty décisif en finale de la Coupe du monde 2022 qui offre le titre à l'Argentine ? Aurélien Tchouaméni
78%
2008 Quel attaquant de l'Olympique Lyonnais termine meilleur buteur de la Coupe de France, qu'il remporte en finale face au PSG (1-0) ? Karim Benzema
78%
2014 Quel entraîneur argentin surnommé "El Loco" débarque à l'OM et révolutionne le jeu marseillais en s'asseyant sur une glacière lors de chaque match ? Marcelo Bielsa
78%
1991 Quel club devient le premier représentant yougoslave à remporter la Coupe des clubs champions en battant l'OM aux tirs au but lors de la finale à Bari ? Étoile rouge de Belgrade
73%
1994 Quel club, porté par le trio d'attaque Nicolas Ouédec, Reynald Pedros et Patrice Loko, termine la saison avec seulement une défaite et établit un record de 32 matchs consécutifs sans défaite ? FC Nantes
73%
1984 Quel métal précieux l'équipe de France de football remporte-t-elle lors des Jeux Olympiques de Los Angeles, en battant le Brésil (2-0) en finale ? Or
73%
1996 Quel club bourguignon réalise le doublé Coupe-Championnat, porté par des joueurs comme Laurent Blanc et Sabri Lamouchi ? AJ Auxerre
70%
1995 Quel gardien réalise le doublé Coupe de France et Coupe de la Ligue avec le PSG ? Bernard Lama
70%
2019 Quel pays a organisé la Coupe du Monde féminine, voyant les Bleues s'arrêter en quart de finale face aux futures championnes américaines ? France
68%
1979 Quel club alsacien crée la surprise en devenant Champion de France pour la seule et unique fois de son histoire, devant le FC Nantes ? RC Strasbourg
68%
1981 Quel club corse crée l'exploit en remportant la Coupe de France après avoir battu Saint-Étienne de Michel Platini en finale (2-1) au Parc des Princes ? SC Bastia
68%
1977 Quel club, surnommé « les Canaris », remporte le titre de champion de France en pratiquant un jeu collectif spectaculaire sous les ordres de Jean Vincent ? FC Nantes
65%
1978 Lors de la Coupe du Monde en Argentine, face à la Hongrie, de quelle couleur avec le blanc étaient les rayures du maillot d'emprunt (appartenant au club de Kimberley) porté par les Bleus suite à une erreur d'intendance ? Vert
65%
1992 Après un essai avorté à Sheffield et sur les conseils de Platini, quel joueur français devient champion d'Angleterre avec Leeds United ? Éric Cantona
63%
1965 Quel club breton remporte la Coupe de France, son premier trophée majeur ? Stade Rennais
63%
2007 Quel club remporte la Coupe de France aux tirs au but face à l'OM, grâce notamment à un arrêt décisif de son gardien Teddy Richert ? FC Sochaux-Montbéliard
60%
1956 Quel magazine français lance cette année-là le « Ballon d’Or », trophée destiné à l'origine à récompenser le meilleur joueur européen ? France Football
60%
1976 Quel joueur de légende honore sa première sélection en équipe de France face à la Tchécoslovaquie au Parc des Princes, rencontre durant laquelle il inscrit son premier but avec les Bleus ? Michel Platini
60%
1970 Quel club est créé cette année-là par la fusion du Paris FC et du Stade Sangermanois ? Paris Saint-Germain
60%
1958 Qui est le premier joueur français à remporter le Ballon d'Or ? Raymond Kopa
60%
1988 Quel entraîneur alsacien remporte le championnat de France dès sa première saison sur le banc de l'AS Monaco, avec 6 points d'avance sur les Girondins de Bordeaux ? Arsène Wenger
58%
1989 Quel attaquant de l'OM inscrit un triplé historique lors de la finale de la Coupe de France remportée 4-3 face à Monaco, avant d'aller embrasser le président François Mitterrand ? Jean-Pierre Papin
58%
1955 Quelle compétition européenne majeure, créée par le journal L'Équipe, voit le jour ? Ligue des champions de l'UEFA
58%
1986 Lors du Mondial au Mexique, quelle nation l'équipe de France élimine-t-elle en quart de finale lors d'un match de légende qui s'est terminé aux tirs au but ? Brésil
55%
1962 Quel attaquant de légende, recordman de buts en une Coupe du Monde, est contraint de mettre fin à sa carrière à seulement 28 ans après une ultime tentative en Guadeloupe ? Just Fontaine
55%
2020 Quel ancien sélectionneur de l'équipe de France de 1976 à 1984 qui l'emmène à son premier titre international en 1984, lors du Championnat d'Europe de football disputé en France, meurt le 26 mars ? Michel Hidalgo
55%
1990 Quel club remporte la Coupe de France face au Racing Paris (2-1), avec une équipe comptant dans ses rangs Laurent Blanc et Éric Cantona ? Montpellier HSC
55%
1960 Lors de la toute première édition de l'Euro organisée en France, quelle sélection remporte le titre en battant la Yougoslavie en finale au Parc des Princes ? URSS
53%
1972 Quel défenseur, futur capitaine des Bleus, quitte l'AC Ajaccio pour rejoindre l'Olympique de Marseille où il deviendra une légende ? Marius Trésor
48%
1957 Quel club mythique remporte cette année-là le tout premier titre de champion de France de son histoire ? AS Saint-Étienne
43%
1987 Quel club remporte la 70e édition de la Coupe de France en battant l'Olympique de Marseille en finale (2-0), conservant ainsi son titre pour la deuxième année consécutive ? FC Girondins de Bordeaux
43%
1969 Quelle équipe remporte la Coupe de France pour la septième fois en battant Bordeaux (2-0) ? Olympique de Marseille
43%
1971 Quel attaquant croate de l'Olympique de Marseille établit le record historique (toujours en vigueur) de 44 buts inscrits en une seule saison de Championnat ? Josip Skoblar
38%
1953 Le Stade de Reims remporte la Coupe Latine. Quel club italien battent-ils en finale (3-0) ? Milan AC
35%
1982 Quel club remporte la première finale de l'histoire de la Coupe de France à s'être décidée aux tirs au but, après un match nul (2-2) face à l'AS Saint-Étienne ? Paris Saint-Germain
35%
1997 Quel meneur de jeu algérien, maître à jouer de l'AS Monaco, est élu meilleur joueur du championnat de France devant toutes les stars des Bleus ? Ali Benarbia
33%
1950 Quel club, tout juste promu en Division 1, remporte le championnat de France, succédant au Stade de Reims ? FC Girondins de Bordeaux
33%
1999 Quel attaquant des Girondins de Bordeaux est sacré meilleur buteur du championnat de France avec 22 réalisations, l'année du titre de champion ? Sylvain Wiltord
33%
1952 Quel club réalise le doublé Coupe-Championnat cette année-là ? OGC Nice
30%
1967 Quel club remporte la Coupe de France face au FC Sochaux (3-1) avec des buts de Rambert, Perrin et Di Nallo ? Olympique lyonnais
30%
1980 Quel attaquant italo-argentin de l'AS Monaco, termine meilleur buteur du championnat avec 21 buts ex-aequo avec Erwin Kostedde du Stade lavallois ? Delio Onnis
28%
1985 Quel club remporte la Coupe de France en battant en finale le PSG de Gérard Houllier (1-0), grâce à un but de son milieu offensif Bernard Genghini ? AS Monaco FC
25%
1973 Quel attaquant, meilleur buteur de l'histoire de l'AS Saint-Etienne, fait son grand retour chez les Verts cette année-là après une parenthèse de deux saisons à Nice ? Hervé Revelli
20%
1974 Lors du championnat de France, quel avant-centre argentin du Stade de Reims est sacré meilleur buteur pour la première fois avec 30 réalisations ? Carlos Bianchi
18%
1961 Quel club gagne la Coupe de France face à Nîmes grâce aux buts de Fulgenzy, Brény et Salem ? CS Sedan
18%
1954 Lors de la Coupe du Monde en Suisse, quel attaquant français marque le premier but français contre le Mexique ? Jean Vincent
15%
1966 Lors de la Coupe du Monde décevante des Bleus, quelle nation parvient à tenir la France en échec (1-1) au stade de Wembley lors du match d'ouverture du groupe ? Mexique
13%
1963 Quel club remporte la Coupe de France après une finale rejouée contre Lyon ? AS Monaco FC
10%
1959 En finale de la Coupe de France, quel club de deuxième division crée l'exploit de battre le FC Sochaux (3-0) lors du match à rejouer, après un premier match nul controversé ? Le Havre AC
10%
1975 Quel milieu de terrain, qui vient de quitter le SCO Angers pour l'OGC Nice, est élu meilleur joueur français de l'année par France Football ? Jean-Marc Guillou
8%
1968 Quel joueur franco-algérien permet à l'AS Saint-Étienne de remporter la Coupe de France contre Bordeaux (2-1) en inscrivant les deux buts de son équipe ? Rachid Mekhloufi
8%
1951 Quel attaquant du FC Nancy, surnommé « Bout d'chou » termine meilleur buteur avec 28 buts ? Roger Piantoni
8%
1964 Quel entraîneur de l'équipe de France en 1962, devient également son sélectionneur à partir de 1964 ? Henri Guérin
5%
1983 Quel défenseur du PSG ouvre le score dès la 3e minute lors de la finale de la Coupe de France remportée 3-2 face au FC Nantes ? Pascal Zaremba
5%
Aucun quiz correspondant
Distribution des résultats
% des personnes avec chaque résultat
Percentile par nombre de réponses
Votre historique - résultats
Vous n’avez pas pris ce quiz depuis la dernière actualisation